000 01410nam a2200361 i 4500
001 768714001
003 CO-MdFUSB
005 20210415105958.0
007 ta
008 200507t1993 ck ||||| |||| 00| 0 spa d
020 _a9586480623
040 _aCO-MdFUSB
_bspa
_cCO-MdFUSB
_dCO-MdFUSBC
_erda
041 _aspa
082 _223
_a498
_bC822h
100 _aCoronado Conchakala, Basilio
_eautor
245 0 0 _aHistoria, tradición y lengua Kogui
_c/ Basilio Coronado Conchala ; Transcripción por Teolinda Ibarra ; Dirección por la Gobernación de la Guajira ; Diseño carátula por Patricia Díaz
264 1 _aSanta Marta, Colombia :
_bEcoe ediciones,
_c[1993]
264 4 _c©1993
300 _c79 páginas ;
_a21 cm
336 _2rdacontent
_atexto
_btxt
337 _2rdamedia
_asin mediación
_bn
338 _2rdacarrier
_avolumen
_bnc
490 _aInterés general
505 _aCapitulo I El origen - Capitulo II Algunas características culturales - Capitulo III El matrimonio - Capitulo IV La vida socioeconómica Capitulo V Numeración - Capitulo VI Lengua Kaggaba - Capitulo VII Historias y leyendas Kaggaba
563 _aRústico
650 7 _2sears
_93
_aCultura
650 0 _9397
_aIndígenas
_xLenguaje
_zColombia
653 _aLenguaje y comunicación -- Kogui
720 _aGobernación de la Guajira
720 _aUniversidad de la Guajira
942 _cBK
945 _aDani
999 _c65845
_d65845